[Event "TUR Cup"]
[Site "Antalya"]
[Date "2020.02.01"]
[Round "10"]
[White "Tum, Hakan"]
[Black "Ataer, Arda Burak"]
[Result "1/2-1/2"]
[WhiteElo "1852"]
[BlackElo "1762"]
[PlyCount "121"]
[EventDate "2020.01.26"]
[EventType "swiss"]
[EventRounds "11"]
[EventCountry "TUR"]
[SourceTitle "CBM 194 Extra"]
[Source "ChessBase"]
[SourceDate "2020.03.31"]
[SourceVersion "1"]
[SourceVersionDate "2020.03.31"]
[SourceQuality "1"]

1. d4 Nf6 2. Nf3 g6 3. Bf4 Bg7 4. Nc3 0-0 5. Qd2 d6 6. 0-0-0 Nbd7 7. e4 c5 8. Bh6 Qa5 9. h4 cxd4 10. Nxd4 Nxe4 11. Nxe4 Qxd2+ 12. Bxd2 Bxd4 13. Bg5 Bg7 14. Bb5 h6 15. Bxe7 Re8 16. Bxd7 Bxd7 17. Nf6+ Bxf6 18. Bxf6 Re6 19. Bd4 Re2 20. Rhe1 Rxe1 21. Rxe1 Be6 22. Rd1 h5 23. Be3 d5 24. Rd3 a6 25. Bd4 Rc8 26. Rb3 Rc4 27. c3 b5 28. Ra3 Rc6 29. Ra5 b4 30. Kd2 bxc3+ 31. Bxc3 Kf8 32. b3 Ke7 33. Kd3 Kd7 34. Bb4 Kc7 35. Bc5 Kb7 36. Kd4 Rc8 37. Ra4 Rc6 38. b4 Rc8 39. Ra3 Ra8 40. Rb3 Bd7 41. Rf3 Be6 42. a4 Re8 43. Rf6 Kc6 44. f3 Rh8 45. Rf4 Bf5 46. Be7 Re8 47. g4 hxg4 48. fxg4 Bxg4 49. Rxf7 Be6 50. Rg7 Bf5 51. Ke5 Kd7 52. Kf6 Kc6 53. h5 Bc2 54. hxg6 d4 55. Rh7 Rg8 56. Rh6 Kd7 57. Bc5 d3 58. Rh7+ Kc6 59. Be3 Rxg6+ 60. Ke5 Bxa4 61. Kd4 1/2-1/2

[Event "TUR Cup"]
[Site "Antalya"]
[Date "2020.01.30"]
[Round "7"]
[White "Demirbag, Alihan"]
[Black "Tum, Hakan"]
[Result "1-0"]
[WhiteElo "2104"]
[BlackElo "1852"]
[PlyCount "56"]
[EventDate "2020.01.26"]
[EventType "swiss"]
[EventRounds "11"]
[EventCountry "TUR"]
[SourceTitle "CBM 194 Extra"]
[Source "ChessBase"]
[SourceDate "2020.03.31"]
[SourceVersion "1"]
[SourceVersionDate "2020.03.31"]
[SourceQuality "1"]

1. e4 d5 2. exd5 Qxd5 3. Nc3 Qa5 4. d4 Nf6 5. Bd2 c6 6. Bc4 Bf5 7. Nf3 e6 8. Qe2 Qc7 9. Ne5 Nbd7 10. f4 Bd6 11. 0-0-0 Nb6 12. Bd3 Bxd3 13. Qxd3 0-0-0 14. Ne4 Nxe4 15. Qxe4 c5 16. dxc5 Bxc5 17. Ba5 Bd6 18. Nd3 Qc4 19. Qxc4+ Nxc4 20. Bxd8 Rxd8 21. Rhe1 Bc7 22. b3 Nd6 23. Ne5 Ba5 24. Re3 Kc7 25. Red3 b5 26. c4 Bb4 27. cxb5 Rc8 28. Kb2 f6 1-0

[Event "TUR Cup"]
[Site "Antalya"]
[Date "2020.01.29"]
[Round "6"]
[White "Tum, Hakan"]
[Black "Kecili, Mustafa Firat"]
[Result "1-0"]
[WhiteElo "1852"]
[BlackElo "1673"]
[PlyCount "79"]
[EventDate "2020.01.26"]
[EventType "swiss"]
[EventRounds "11"]
[EventCountry "TUR"]
[SourceTitle "CBM 194 Extra"]
[Source "ChessBase"]
[SourceDate "2020.03.31"]
[SourceVersion "1"]
[SourceVersionDate "2020.03.31"]
[SourceQuality "1"]

1. d4 Nf6 2. Nf3 g6 3. Bf4 Bg7 4. Nc3 c5 5. e3 cxd4 6. exd4 d6 7. Be2 b6 8. Qd2 Bb7 9. 0-0-0 Nbd7 10. Bc4 0-0 11. h4 Rc8 12. Bb3 h5 13. Rde1 Rxc3 14. Qxc3 Ng4 15. Bg3 Nc5 16. Qc4 b5 17. Qxb5 Ba6 18. Qb4 Nxb3+ 19. axb3 Qc7 20. Qc3 Qb7 21. Ng5 Qxg2 22. Rhg1 Qd5 23. Rxe7 Bf6 24. Rxa7 Rc8 25. Rc7 Ra8 26. Kb1 Bd8 27. Qc6 Qxc6 28. Rxc6 Nh6 29. Bxd6 Bb7 30. Rc4 Nf5 31. Bg3 Kg7 32. Re1 Ba5 33. b4 Ba6 34. Rc6 Bb7 35. Be5+ Kg8 36. Rf6 Bxb4 37. c3 Be7 38. Rb6 Bd5 39. Rb8+ Rxb8 40. Bxb8 1-0

[Event "TUR-chT 2nd League"]
[Site "Konya"]
[Date "2019.07.28"]
[Round "9.12"]
[White "Tum, Hakan"]
[Black "Unal, Osman"]
[Result "1-0"]
[WhiteElo "1803"]
[BlackElo "1860"]
[PlyCount "46"]
[EventDate "2019.07.22"]
[EventType "team-swiss"]
[EventRounds "9"]
[EventCountry "TUR"]
[SourceTitle "CBM 191 Extra"]
[Source "ChessBase"]
[SourceDate "2019.09.30"]
[SourceVersion "1"]
[SourceVersionDate "2019.09.30"]
[SourceQuality "1"]
[WhiteTeam "Karaman Yunus Ortaokulu"]
[BlackTeam "Gulbahcesi Egitim"]
[WhiteTeamCountry "TUR"]
[BlackTeamCountry "TUR"]

1. d4 d5 2. Nf3 Nf6 3. e3 e6 4. Bd3 c5 5. b3 cxd4 6. exd4 Nc6 7. 0-0 Bd6 8. Bb2 Qc7 9. a3 0-0 10. Qe2 Re8 11. Ne5 Ne7 12. Nd2 Ng6 13. f4 a6 14. Rf3 Nh5 15. Raf1 f5 16. h3 Qe7 17. g4 Nf6 18. c4 Bxa3 19. Ba1 Bb4 20. Re3 Ne4 21. Bxe4 fxe4 22. Nxg6 hxg6 23. Bc3 Bd6 1-0

[Event "TUR-chT 2nd League"]
[Site "Konya"]
[Date "2019.07.25"]
[Round "6.11"]
[White "Eren, Alper"]
[Black "Tum, Hakan"]
[Result "0-1"]
[WhiteElo "1877"]
[BlackElo "1803"]
[PlyCount "110"]
[EventDate "2019.07.22"]
[EventType "team-swiss"]
[EventRounds "9"]
[EventCountry "TUR"]
[SourceTitle "CBM 191 Extra"]
[Source "ChessBase"]
[SourceDate "2019.09.30"]
[SourceVersion "1"]
[SourceVersionDate "2019.09.30"]
[SourceQuality "1"]
[WhiteTeam "Pamukkale Yonetimi"]
[BlackTeam "Karaman Yunus Ortaokulu"]
[WhiteTeamCountry "TUR"]
[BlackTeamCountry "TUR"]

1. e4 d5 2. exd5 Qxd5 3. Nc3 Qa5 4. d4 Nf6 5. Nf3 Bg4 6. Bc4 Nc6 7. 0-0 0-0-0 8. Ne2 Bxf3 9. gxf3 e6 10. c3 Bd6 11. Ng3 Ne7 12. b4 Qb6 13. a4 Qc6 14. Qd3 Ned5 15. Ne2 Qd7 16. b5 g5 17. a5 b6 18. axb6 cxb6 19. Ba3 Bb8 20. Bxd5 Nxd5 21. Bc1 Qc7 22. Ng3 h5 23. Bxg5 h4 24. Bxd8 Kxd8 25. Qd2 hxg3 26. fxg3 Qxc3 27. Qf2 Qd3 28. Rac1 Qxb5 29. Qc2 Kd7 30. Qe4 f5 31. Qe1 Qb2 32. Qf2 Qxf2+ 33. Rxf2 b5 34. Re2 Bc7 35. Rce1 Re8 36. g4 fxg4 37. fxg4 Bb6 38. Re4 e5 39. h4 Bxd4+ 40. Kh2 b4 41. g5 Nf4 42. Kg3 b3 43. Kg4 b2 44. h5 Rc8 45. g6 Nd5 46. h6 Nf6+ 47. Kf5 Nxe4 48. g7 Nd6+ 49. Kg6 e4 50. Rd1 Ke6 51. h7 Bxg7 52. Kxg7 a5 53. Rf1 Rc7+ 54. Kg6 Rxh7 55. Kxh7 a4 0-1

[Event "TUR-chT 2nd League"]
[Site "Konya"]
[Date "2019.07.25"]
[Round "5.9"]
[White "Tum, Hakan"]
[Black "Donmez, Yusuf"]
[Result "0-1"]
[WhiteElo "1803"]
[BlackElo "1941"]
[PlyCount "57"]
[EventDate "2019.07.22"]
[EventType "team-swiss"]
[EventRounds "9"]
[EventCountry "TUR"]
[SourceTitle "CBM 191 Extra"]
[Source "ChessBase"]
[SourceDate "2019.09.30"]
[SourceVersion "1"]
[SourceVersionDate "2019.09.30"]
[SourceQuality "1"]
[WhiteTeam "Karaman Yunus Ortaokulu"]
[BlackTeam "Karaman Masterler"]
[WhiteTeamCountry "TUR"]
[BlackTeamCountry "TUR"]

1. d4 Nf6 2. c4 g6 3. Nc3 Bg7 4. e4 d6 5. h3 0-0 6. Bd3 Nc6 7. Nge2 e5 8. d5 Nd4 9. Bg5 c5 10. Qd2 Re8 11. f3 h6 12. Bxh6 Nxe4 13. Bxe4 Qh4+ 14. g3 Qxh6 15. Qxh6 Bxh6 16. Kf2 f5 17. Bd3 Bd7 18. g4 Rf8 19. Kg2 Nxf3 20. gxf5 Nh4+ 21. Kg3 Nxf5+ 22. Kh2 Nh4 23. Raf1 Bf5 24. Bxf5 gxf5 25. Nb5 Rf6 26. Nc7 Raf8 27. Ne6 R8f7 28. Rhg1+ Kh7 29. Kg3 0-1

[Event "TUR-chT 2nd League"]
[Site "Konya"]
[Date "2019.07.23"]
[Round "2.11"]
[White "Taze, Bulent"]
[Black "Tum, Hakan"]
[Result "1/2-1/2"]
[WhiteElo "1714"]
[BlackElo "1803"]
[PlyCount "97"]
[EventDate "2019.07.22"]
[EventType "team-swiss"]
[EventRounds "9"]
[EventCountry "TUR"]
[SourceTitle "CBM 191 Extra"]
[Source "ChessBase"]
[SourceDate "2019.09.30"]
[SourceVersion "1"]
[SourceVersionDate "2019.09.30"]
[SourceQuality "1"]
[WhiteTeam "Seviye Dernegi"]
[BlackTeam "Karaman Yunus Ortaokulu"]
[WhiteTeamCountry "TUR"]
[BlackTeamCountry "TUR"]

1. d4 d5 2. c4 c6 3. Nc3 Nf6 4. e3 e6 5. Nf3 Bd6 6. Bd3 0-0 7. 0-0 Nbd7 8. e4 e5 9. cxd5 cxd5 10. Nxd5 Nxd5 11. exd5 exd4 12. Bc2 Ne5 13. Nxe5 Bxe5 14. Qh5 f5 15. Re1 Qd6 16. g3 g6 17. Qe2 Bf6 18. Bf4 Qb6 19. Bh6 Bg7 20. Bxg7 Kxg7 21. Qe5+ Qf6 22. Rad1 Bd7 23. Qxd4 Qxd4 24. Rxd4 Rae8 25. Rdd1 Rxe1+ 26. Rxe1 Re8 27. Rxe8 Bxe8 28. Bb3 Kf6 29. f4 Ke7 30. Kf2 Kd6 31. Ke3 Kc5 32. a3 a5 33. Ba2 a4 34. b4+ axb3 35. Bxb3 Bb5 36. d6 Kxd6 37. Bg8 h6 38. Kd4 g5 39. Bd5 b6 40. fxg5 hxg5 41. h4 gxh4 42. gxh4 Be8 43. Bf3 Ke6 44. h5 Kf6 45. h6 Bg6 46. Kd5 Kg5 47. Kc6 Be8+ 48. Kxb6 Kxh6 49. Kc5 1/2-1/2

[Event "TUR-chT 2nd League"]
[Site "Konya"]
[Date "2019.07.23"]
[Round "3.7"]
[White "Tum, Hakan"]
[Black "Yigit, Ahmet Yasir"]
[Result "0-1"]
[WhiteElo "1803"]
[BlackElo "1962"]
[PlyCount "54"]
[EventDate "2019.07.22"]
[EventType "team-swiss"]
[EventRounds "9"]
[EventCountry "TUR"]
[SourceTitle "CBM 191 Extra"]
[Source "ChessBase"]
[SourceDate "2019.09.30"]
[SourceVersion "1"]
[SourceVersionDate "2019.09.30"]
[SourceQuality "1"]
[WhiteTeam "Karaman Yunus Ortaokulu"]
[BlackTeam "Seyhan Belediye"]
[WhiteTeamCountry "TUR"]
[BlackTeamCountry "TUR"]

1. d4 Nf6 2. Nf3 d5 3. e3 c5 4. b3 Nc6 5. Bd3 Bg4 6. Bb2 e6 7. 0-0 Bd6 8. Nbd2 0-0 9. dxc5 Bxc5 10. e4 Nb4 11. exd5 Nxd3 12. Bxf6 gxf6 13. cxd3 Qxd5 14. Rc1 Rac8 15. Rc4 f5 16. Qc2 Rc6 17. Re1 Bxf3 18. Nxf3 Rfc8 19. Re5 Qd6 20. Qe2 f6 21. Qd2 fxe5 22. Qg5+ Kf8 23. Qf6+ Ke8 24. Nxe5 Qf8 25. Qh4 Qg7 26. Qh5+ Kf8 27. Qe2 b5 0-1

[Event "TUR-chT 2nd League"]
[Site "Konya"]
[Date "2018.07.21"]
[Round "8.7"]
[White "Acar, Ozgur"]
[Black "Tum, Hakan"]
[Result "0-1"]
[WhiteElo "1853"]
[BlackElo "1805"]
[PlyCount "102"]
[EventDate "2018.07.16"]
[EventType "team-swiss"]
[EventRounds "9"]
[EventCountry "TUR"]
[SourceTitle "EXT 2019"]
[Source "ChessBase"]
[SourceDate "2018.10.10"]
[SourceVersion "1"]
[SourceVersionDate "2018.10.10"]
[SourceQuality "1"]
[WhiteTeam "Samsun Gercek"]
[BlackTeam "Karaman Yunus Ortaokulu"]
[WhiteTeamCountry "TUR"]
[BlackTeamCountry "TUR"]

1. d4 d5 2. Nf3 Nf6 3. e3 e6 4. c4 c6 5. Nc3 Bd6 6. Bd3 Nbd7 7. 0-0 0-0 8. e4 dxc4 9. Bxc4 e5 10. Bg5 h6 11. Bh4 Re8 12. dxe5 Nxe5 13. Nxe5 Bxe5 14. Qxd8 Rxd8 15. f4 Bd4+ 16. Kh1 Re8 17. Bxf6 Bxf6 18. e5 Bd8 19. Rae1 Ba5 20. f5 b5 21. Bb3 c5 22. Bd5 Bxc3 23. bxc3 Rb8 24. e6 fxe6 25. fxe6 Bb7 26. c4 Bxd5 27. cxd5 Rbd8 28. Rd1 Rd6 29. h3 c4 30. Kh2 a5 31. Rf7 Rexe6 32. Rb7 Rb6 33. dxe6 Rxb7 34. Rd7 Rb8 35. Kg3 Re8 36. Rd6 Rc8 37. Kf3 Kf8 38. Ke2 Ke8 39. Ra6 a4 40. a3 Rc5 41. Kd2 Ke7 42. Rb6 Re5 43. Rb7+ Kxe6 44. Rxg7 Rg5 45. Rb7 Rxg2+ 46. Kc1 Kd5 47. Rxb5+ Kd4 48. Rh5 Kc3 49. Kd1 Ra2 50. Rxh6 Ra1+ 51. Ke2 Kc2 0-1

[Event "TUR-chT 2nd League"]
[Site "Konya"]
[Date "2018.07.16"]
[Round "1.8"]
[White "Yapar, Nedim"]
[Black "Tum, Hakan"]
[Result "1/2-1/2"]
[WhiteElo "2112"]
[BlackElo "1805"]
[PlyCount "63"]
[EventDate "2018.07.16"]
[EventType "team-swiss"]
[EventRounds "9"]
[EventCountry "TUR"]
[SourceTitle "EXT 2019"]
[Source "ChessBase"]
[SourceDate "2018.10.10"]
[SourceVersion "1"]
[SourceVersionDate "2018.10.10"]
[SourceQuality "1"]
[WhiteTeam "Mezopotamya"]
[BlackTeam "Karaman Yunus Ortaokulu"]
[WhiteTeamCountry "TUR"]
[BlackTeamCountry "TUR"]

1. e4 d5 2. exd5 Qxd5 3. Nc3 Qa5 4. d4 Nf6 5. Nf3 Bg4 6. h3 Bh5 7. g4 Bg6 8. Ne5 Ne4 9. Bg2 Nxc3 10. bxc3 Qxc3+ 11. Bd2 Qxd4 12. Nxg6 hxg6 13. Bxb7 c6 14. Kf1 Qd5 15. Kg1 Nd7 16. Bxa8 Ne5 17. Be3 Qe4 18. Rb1 f5 19. Rb8+ Kf7 20. g5 f4 21. Bc1 Nf3+ 22. Kf1 Nd2+ 23. Kg1 Nf3+ 24. Kf1 Nd2+ 25. Qxd2 Qxh1+ 26. Ke2 Qe4+ 27. Kf1 Qh1+ 28. Ke2 Qe4+ 29. Kd1 Qh1+ 30. Qe1 Qd5+ 31. Qd2 Qh1+ 32. Ke2 1/2-1/2

[Event "TUR-chT 2nd League"]
[Site "Konya"]
[Date "2017.07.18"]
[Round "2.14"]
[White "Sekerci, Erdogan"]
[Black "Tum, Hakan"]
[Result "0-1"]
[WhiteElo "1727"]
[BlackElo "1771"]
[PlyCount "82"]
[EventDate "2017.07.17"]
[EventType "team-swiss"]
[EventRounds "9"]
[EventCountry "TUR"]
[SourceTitle "CBM 179 Extra"]
[Source "ChessBase"]
[SourceDate "2017.08.23"]
[SourceVersion "1"]
[SourceVersionDate "2017.08.23"]
[SourceQuality "1"]
[WhiteTeam "Corum Belediye"]
[BlackTeam "Burdur Serenler"]
[WhiteTeamCountry "TUR"]
[BlackTeamCountry "TUR"]

1. e4 d5 2. e5 c5 3. c3 Nc6 4. d4 Bf5 5. Bd3 Bxd3 6. Qxd3 e6 7. Nf3 Rc8 8. 0-0 h5 9. Re1 Nh6 10. Nbd2 Nf5 11. Nf1 cxd4 12. cxd4 Qb6 13. Be3 h4 14. h3 Be7 15. a3 0-0 16. b4 Rc7 17. g4 Nxe3 18. fxe3 Rfc8 19. Qd2 a5 20. bxa5 Nxa5 21. Rab1 Qa6 22. Qe2 Nc4 23. Rb3 Qa4 24. Qd3 b5 25. Ra1 b4 26. N1d2 bxa3 27. Ra2 Na5 28. Qa6 Qxb3 29. Nxb3 Nxb3 30. Nxh4 Rc1+ 31. Kg2 R8c2+ 32. Kg3 Rxa2 33. Ng6 Rg1+ 34. Kf3 Rf1+ 35. Kg3 fxg6 36. Qxe6+ Rf7 37. Qxg6 Nd2 38. g5 Ne4+ 39. Kh4 Nxg5 40. Kh5 Ne4 41. e6 Rf5+ 0-1

[Event "TUR Cup"]
[Site "Antalya"]
[Date "2017.01.30"]
[Round "4"]
[White "Saglam, Emrah Sitki"]
[Black "Tum, Hakan"]
[Result "0-1"]
[WhiteElo "1663"]
[BlackElo "1805"]
[PlyCount "56"]
[EventDate "2017.01.28"]
[EventType "swiss"]
[EventRounds "11"]
[EventCountry "TUR"]
[SourceTitle "CBM 176 Extra"]
[Source "ChessBase"]
[SourceDate "2017.03.02"]
[SourceVersion "1"]
[SourceVersionDate "2017.03.02"]
[SourceQuality "1"]

1. d4 Nf6 2. c4 e5 3. d5 Bc5 4. e3 d6 5. Nc3 0-0 6. Qc2 Ne8 7. e4 f5 8. exf5 Bxf5 9. Bd3 Bxf2+ 10. Kd1 Bxd3 11. Qxd3 Bxg1 12. Rxg1 Na6 13. Ne4 Nf6 14. Ng5 Nc5 15. Qh3 Qe8 16. g4 h6 17. Nf3 Qa4+ 18. b3 Nxb3 19. axb3 Qxa1 20. g5 hxg5 21. Qe6+ Rf7 22. Rxg5 Qc3 23. Rg3 Qxb3+ 24. Ke1 Qxc4 25. Bh6 Qe4+ 26. Kf1 Ng4 27. Kg1 Nxh6 28. Qxh6 Qxf3 0-1

[Event "TUR Cup"]
[Site "Antalya"]
[Date "2017.01.29"]
[Round "3"]
[White "Tum, Hakan"]
[Black "Turkoglu, Cihat"]
[Result "0-1"]
[WhiteElo "1805"]
[BlackElo "2121"]
[PlyCount "60"]
[EventDate "2017.01.28"]
[EventType "swiss"]
[EventRounds "11"]
[EventCountry "TUR"]
[SourceTitle "CBM 176 Extra"]
[Source "ChessBase"]
[SourceDate "2017.03.02"]
[SourceVersion "1"]
[SourceVersionDate "2017.03.02"]
[SourceQuality "1"]

1. d4 Nf6 2. Nf3 c5 3. e3 e6 4. Bd3 d5 5. b3 Nc6 6. Bb2 Be7 7. 0-0 0-0 8. Nbd2 b6 9. Ne5 Bb7 10. f4 cxd4 11. exd4 Nb4 12. Be2 Rc8 13. c3 Na6 14. Bd3 Nc7 15. Qe2 Nce8 16. Rf3 Nd6 17. Rh3 g6 18. g4 Nfe4 19. c4 Bf6 20. Rf1 Bg7 21. f5 exf5 22. gxf5 Qg5+ 23. Qg4 Qxg4+ 24. Nxg4 Nxd2 25. Rf2 N2e4 26. f6 Nxf2 27. Kxf2 Rfe8 28. fxg7 Kxg7 29. Bc1 h5 30. Bh6+ Kh8 0-1

[Event "Troya op 23rd"]
[Site "Canakkale"]
[Date "2015.08.12"]
[Round "6"]
[White "Tum, Hakan"]
[Black "Yuksel, Davut Can"]
[Result "1-0"]
[WhiteElo "1816"]
[BlackElo "1746"]
[PlyCount "99"]
[EventDate "2015.08.08"]
[EventType "swiss"]
[EventRounds "9"]
[EventCountry "TUR"]
[SourceTitle "CBM 167 Extra"]
[Source "ChessBase"]
[SourceDate "2015.09.14"]
[SourceVersion "1"]
[SourceVersionDate "2015.09.14"]
[SourceQuality "1"]

1. d4 Nf6 2. Nd2 d5 3. Ngf3 Bf5 4. e3 e6 5. Be2 h6 6. 0-0 Bd6 7. c4 c6 8. c5 Bc7 9. b4 Nbd7 10. a4 a6 11. Bb2 0-0 12. Ne5 Nxe5 13. dxe5 Nd7 14. f4 Bh7 15. Rc1 Qe7 16. Nb3 f6 17. exf6 Nxf6 18. Bd3 Bxd3 19. Qxd3 e5 20. b5 axb5 21. axb5 Ra2 22. Rc2 cxb5 23. fxe5 Rxb2 24. Rxb2 Qxe5 25. Rff2 Qxh2+ 26. Kf1 Qh1+ 27. Ke2 Bg3 28. Rb1 Qh2 29. Rf5 Qxg2+ 30. Kd1 Bf2 31. Nd2 Re8 32. Nf1 d4 33. exd4 Re1+ 34. Kc2 Bxd4+ 35. Nd2 Rxb1 36. Kxb1 Qg4 37. Nf3 Bxc5 38. Qb3+ Kh7 39. Rxc5 Ne4 40. Rc2 h5 41. Qd3 Kh6 42. Qe3+ Ng5 43. Qxg5+ Qxg5 44. Nxg5 Kxg5 45. Kc1 Kf4 46. Kd2 Kg3 47. Ke1 b4 48. Kf1 h4 49. Kg1 b5 50. Rb2 1-0

[Event "Troya op 23rd"]
[Site "Canakkale"]
[Date "2015.08.11"]
[Round "5"]
[White "Cil, Batuhan"]
[Black "Tum, Hakan"]
[Result "1/2-1/2"]
[WhiteElo "1697"]
[BlackElo "1816"]
[PlyCount "129"]
[EventDate "2015.08.08"]
[EventType "swiss"]
[EventRounds "9"]
[EventCountry "TUR"]
[SourceTitle "CBM 167 Extra"]
[Source "ChessBase"]
[SourceDate "2015.09.14"]
[SourceVersion "1"]
[SourceVersionDate "2015.09.14"]
[SourceQuality "1"]

1. e4 c5 2. Nf3 Nc6 3. d4 cxd4 4. Nxd4 g6 5. Nxc6 bxc6 6. Qd4 f6 7. Be3 e5 8. Qd2 Ne7 9. c4 d6 10. Nc3 Be6 11. Rd1 Nc8 12. c5 Be7 13. Ba6 dxc5 14. Bb7 Rb8 15. Bxc6+ Kf7 16. Nd5 Nb6 17. b3 Qd6 18. Nxe7 Qxe7 19. 0-0 c4 20. Rb1 Rbc8 21. Bb5 Rhd8 22. Qa5 c3 23. Rbe1 c2 24. Be2 Qc7 25. f4 Nd7 26. Qxc7 Rxc7 27. Bd3 Rc3 28. f5 Rxd3 29. fxe6+ Kxe6 30. Kf2 Rc8 31. Ke2 Rd6 32. a4 Rc7 33. Rf3 f5 34. exf5+ gxf5 35. Bd2 Rb6 36. Ba5 e4 37. Rh3 Ne5 38. Bxb6 axb6 39. Kd2 Rd7+ 40. Kxc2 Nd3 41. Rf1 Nb4+ 42. Kc3 Nd5+ 43. Kc2 Ke5 44. Re1 Nf4 45. Rg3 Nd3 46. Rd1 Nb4+ 47. Kc1 Na2+ 48. Kc2 Nb4+ 49. Kc1 Nd3+ 50. Rdxd3 exd3 51. Kd2 Ke4 52. Re3+ Kf4 53. Rxd3 Rg7 54. Rf3+ Ke4 55. Re3+ Kf4 56. Rg3 Rd7+ 57. Kc3 Rd6 58. Kc4 h5 59. b4 h4 60. Rf3+ Ke4 61. Rh3 Rd2 62. a5 bxa5 63. bxa5 Rxg2 64. a6 Rc2+ 65. Kb5 1/2-1/2

[Event "Troya op 23rd"]
[Site "Canakkale"]
[Date "2015.08.08"]
[Round "1"]
[White "Rahmanov, Shahriyar Teymur Og"]
[Black "Tum, Hakan"]
[Result "1-0"]
[WhiteElo "2338"]
[BlackElo "1816"]
[PlyCount "45"]
[EventDate "2015.08.08"]
[EventType "swiss"]
[EventRounds "9"]
[EventCountry "TUR"]
[SourceTitle "CBM 167 Extra"]
[Source "ChessBase"]
[SourceDate "2015.09.14"]
[SourceVersion "1"]
[SourceVersionDate "2015.09.14"]
[SourceQuality "1"]

1. d4 c5 2. d5 e6 3. c4 exd5 4. cxd5 d6 5. Nc3 g6 6. e4 Bg7 7. Nf3 Bg4 8. Qa4+ Bd7 9. Qb3 Qc7 10. Bf4 a6 11. e5 dxe5 12. d6 Qxd6 13. Rd1 Qe7 14. Nd5 Be6 15. Qa4+ Bd7 16. Qa5 Nc6 17. Qb6 Qd8 18. Nc7+ Kf8 19. Bg5 f6 20. Nxa8 Qxa8 21. Rxd7 fxg5 22. Nxg5 Nge7 23. Bc4 1-0

[Event "Manavgat Turkey Cup"]
[Site "Manavgat"]
[Date "2015.02.05"]
[Round "9"]
[White "Bulgurlu, Hakan"]
[Black "Tum, Hakan"]
[Result "0-1"]
[WhiteElo "1684"]
[BlackElo "1755"]
[PlyCount "100"]
[EventDate "2015.01.31"]
[EventType "swiss"]
[EventRounds "11"]
[EventCountry "TUR"]
[SourceTitle "CBM 164 Extra"]
[Source "ChessBase"]
[SourceDate "2015.03.02"]
[SourceVersion "1"]
[SourceVersionDate "2015.03.02"]
[SourceQuality "1"]

1. d4 Nf6 2. c4 e6 3. Bg5 b6 4. Nc3 Bb4 5. Nf3 h6 6. Bd2 Bb7 7. e3 d6 8. a3 Bxc3 9. Bxc3 Ne4 10. Qc2 f5 11. d5 e5 12. Bd3 Nxc3 13. Qxc3 0-0 14. Be2 Nd7 15. Nd2 a5 16. g4 f4 17. h4 b5 18. cxb5 Bxd5 19. e4 Bf7 20. f3 Nb6 21. g5 h5 22. 0-0 Qe7 23. Rac1 Rfc8 24. Nc4 Qd7 25. Qe1 Nxc4 26. Rxc4 Bxc4 27. Bxc4+ Kf8 28. a4 c6 29. Qd2 cxb5 30. Bxb5 Qa7+ 31. Kg2 Qc5 32. Rf2 Ke7 33. b3 Ra7 34. Re2 Qb4 35. Qd5 Qc5 36. Qd2 Qd4 37. Qxd4 exd4 38. Rd2 Rc3 39. Bc4 d3 40. Rxd3 Rxd3 41. Bxd3 Ke6 42. Kf2 Ke5 43. Ke2 Kd4 44. Kd2 Rc7 45. Bb5 Rc3 46. Be8 Rxf3 47. Bxh5 Rxb3 48. Be2 f3 49. Bd1 Rb2+ 50. Ke1 Ke3 0-1

[Event "Manavgat Turkey Cup"]
[Site "Manavgat"]
[Date "2015.02.04"]
[Round "7"]
[White "Seyhanoglu, Deniz"]
[Black "Tum, Hakan"]
[Result "1-0"]
[WhiteElo "2026"]
[BlackElo "1755"]
[PlyCount "33"]
[EventDate "2015.01.31"]
[EventType "swiss"]
[EventRounds "11"]
[EventCountry "TUR"]
[SourceTitle "CBM 164 Extra"]
[Source "ChessBase"]
[SourceDate "2015.03.02"]
[SourceVersion "1"]
[SourceVersionDate "2015.03.02"]
[SourceQuality "1"]

1. e4 c6 2. d4 d5 3. exd5 cxd5 4. c4 Nc6 5. Nc3 Nf6 6. Bg5 dxc4 7. d5 Ne5 8. Qd4 Nd3+ 9. Bxd3 cxd3 10. Nf3 Bf5 11. 0-0 h6 12. Bxf6 gxf6 13. Qf4 Bd7 14. Rad1 Rg8 15. Rfe1 Rg4 16. Ne4 Be6 17. Qxg4 1-0

[Event "Manavgat Turkey Cup"]
[Site "Manavgat"]
[Date "2015.02.03"]
[Round "6"]
[White "Tum, Hakan"]
[Black "Bacak, Muhammed Kaan"]
[Result "1/2-1/2"]
[WhiteElo "1755"]
[BlackElo "1985"]
[PlyCount "140"]
[EventDate "2015.01.31"]
[EventType "swiss"]
[EventRounds "11"]
[EventCountry "TUR"]
[SourceTitle "CBM 164 Extra"]
[Source "ChessBase"]
[SourceDate "2015.03.02"]
[SourceVersion "1"]
[SourceVersionDate "2015.03.02"]
[SourceQuality "1"]

1. d4 Nf6 2. Nf3 d5 3. Nbd2 g6 4. e3 Bg7 5. Bd3 0-0 6. 0-0 Nbd7 7. Re1 c5 8. c3 Qc7 9. e4 dxe4 10. Nxe4 Nxe4 11. Rxe4 cxd4 12. cxd4 Nf6 13. Rh4 Rd8 14. Bf4 Qb6 15. Be5 Bg4 16. h3 Bxf3 17. Qxf3 g5 18. Bxf6 Bxf6 19. Rxh7 Qxd4 20. Qh5 Bg7 21. Qxg5 Qf6 22. Qg3 Rd5 23. Be4 Rg5 24. Qh4 Re5 25. Rh5 Qxh4 26. Rxh4 Rb5 27. Rb1 Rd8 28. b4 a5 29. a4 Rb6 30. b5 Rd4 31. Bh7+ Kf8 32. Rc1 Be5 33. Rh5 f6 34. Bf5 e6 35. Rc8+ Ke7 36. Rh7+ Kd6 37. Rd8+ Kc5 38. Rxd4 Bxd4 39. Be4 Kb4 40. Rc7 Rd6 41. Rxb7 Kxa4 42. h4 f5 43. Bc2+ Kb4 44. h5 a4 45. Rb8 Rd7 46. Ra8 a3 47. Ra4+ Kxb5 48. Rxa3 Rh7 49. Rh3 Kc5 50. h6 Kd5 51. g4 Rh8 52. gxf5 exf5 53. Rh5 Ke6 54. Bxf5+ Kf7 55. h7 Bf6 56. Rh6 Rd8 57. Kg2 Rf8 58. f4 Kg7 59. Rg6+ Kh8 60. Rg4 Bg7 61. Be4 Rb8 62. Kh3 Rb6 63. Kh4 Rb4 64. Bf5 Rb5 65. Kg5 Rb6 66. Rg1 Bh6+ 67. Kh5 Bg7 68. Rc1 Rb8 69. Rc6 Rf8 70. Kg6 Rf6+ 1/2-1/2